La vida cooperativa en la educación /

Guardado en:
Autor Principal: Balbi de Gonzalo, Nidia
Formato: Libro
Publicado: Buenos Aires : Intercoop, 1986
Materias:
Etiquetas: Agregar Etiqueta
Sin Etiquetas, Sea el primero en etiquetar este registro!
LEADER 01043nam a22002055a 4500
001 CEM.cems006881
005 20060214000000.0
008 130507s1986##################000#0#####d
003 CEMS
082 0 4 |a 371 
100 1 |a Balbi de Gonzalo, Nidia 
245 1 0 |a La vida cooperativa en la educación / 
260 |a Buenos Aires :  |b Intercoop,  |c 1986 
300 |a 160 p. 
505 0 |a Las cooperaticas escolares: ley 20337.- El cooperativismo en las escuelas argentinas.- Exigencias del cooperativismo escolar.- Ense¤anza te¢rico pr ctica del cooperativismo escolar: fundamentos.- El conocimiento te¢rico del cooperativismo.- Orientaci¢n para la interpretaci¢n de la estructura disciplinaria: doctrina-sistema-movimiento.- La pr ctica del cooperativismo.- La pr ctica cooperativa.- Otros enfoques.- La pedagog¡a Freinet.- 
653 |a Cooperativismo 
653 |a Cooperativismo escolar 
653 |a Educacion 
859 |a CEMS  |b BIB. CEMS - 11 de abril  |h 371  |i B185  |p 15408.89  |t Ej.1 
859 |a CEMS  |b BIB. CEMS - 11 de abril  |h 371  |i B185  |p 16760.92  |t Ej.2